Music Quiz

Random Music or Rock Quiz

2000's Rock bands by song Quiz Stats

 Plays Quiz not verified by Sporcle

Challenge
Share
Tweet
Embed
Score 0/50 Timer 15:00
1 Play Today
Song Band % Correct
American IdiotGreen Day
98.3%
In the EndLinkin Park
84.6%
CalifornicationRed Hot Chili Peppers
84.3%
All the small thingsBlink 182
77.5%
How you Remind meNickelback
76.3%
Last ResortPapa Roach
72.6%
Somebody Told MeThe Killers
61.5%
I Hate Everything About You3 Days Grace
61.2%
Diary of JaneBreaking Benjamin
60.4%
Clint EastwoodGorillaz
58.8%
HelenaMy Chemical Romance
58.1%
The ReasonHoobastank
56.6%
AerialsSystem of a Down
52.4%
Here Without You3 Doors Down
52.3%
Bodies(let the bodies hit the floor)Drowning Pool
47.5%
Youth of the NationP.O.D
47.4%
Du HastRammstein
47%
Fake ItSeether
46.7%
Icky ThumpThe White Stripes
46.6%
Ocean AvenueYellowcard
46%
ParalyzerFinger Eleven
45.6%
With Arms Wide OpenCreed
44.6%
HurtNine Inch Nails
43.8%
Bulls on ParadeRage Against the Machine
42.7%
Going UnderEvanescence
42.3%
Song Band % Correct
Still WaitingSum 41
38.9%
I believe in a thing called loveThe Darkness
34.1%
So Far AwayStaind
33.5%
Sound of MadnessShinedown
33.3%
Click click boomSaliva
30.8%
UndeadHollywood Undead
25.7%
VoodooGodsmack
25.4%
Living Dead GirlRob Zombie
24.7%
PuritySlipknot
23.2%
Slither/Fall to PiecesVelvet Revolver
22.8%
Shoots and LaddersKorn
20.8%
Happy?Mudvayne
17.5%
Get StonedHinder
16.8%
Get FreeThe Vines
14.5%
Until the day I dieStory of the Year
12.4%
Stupid GirlCold
12.3%
Paper JesusMarilyn Manson
11.6%
Bottom of a BottleSmile Empty Soul
9.2%
****/Bitches/Stupid MFMSI
8.7%
Somewhere Out ThereOur Lady Peace
7.7%
Push itStatic X
5.8%
You Make Me SickEgypt Central
5.2%
Falling DownAtreyu
5%
UglyThe Exies
4.7%
WaitEarshot
2.7%

You're not logged in!

Compare scores with friends on all Sporcle quizzes.
Join for Free
OR
Log In

You Might Also Like...

Show Comments

Extras

Created Oct 22, 2012ReportNominate
Tags:Rock Quiz, Song Quiz, 2000

Top Quizzes Today


Score Distribution

Your Account Isn't Verified!

In order to create a playlist on Sporcle, you need to verify the email address you used during registration. Go to your Sporcle Settings to finish the process.

Report this User

Report this user for behavior that violates our Community Guidelines.

Details: